00322 a2200157 450000100060000002000060000604000370001210000260004924000150007524500100009030000070010036200090010765000240011694200070014099900170014771599 a  cAnchieta - Colégio São Paulo aGouveia, Luis Augusto10aLucaslpor10aLucas a320 a2001 4aLiteratura infantil cBK c71599d71599